Vista normal
Vista MARC
Entrada Topical Term
Número de registros utilizados en: 8
001 - CONTROL NUMBER
- control field: 2047
003 - CONTROL NUMBER IDENTIFIER
- control field: OSt
005 - DATE AND TIME OF LATEST TRANSACTION
- control field: 20200327211443.0
008 - FIXED-LENGTH DATA ELEMENTS
- fixed length control field: 200327|| aca||aabn | a|a d
040 ## - CATALOGING SOURCE
- Original cataloging agency: OSt
- Transcribing agency: OSt
150 ## - HEADING--TOPICAL TERM
- Topical term or geographic name entry element: Enciclopedias y diccionarios--
670 ## - SOURCE DATA FOUND
- Source citation: Work cat.: (OSt)4338: Rock, Lois, autor 2046, Tenemos un bebé /